000
00257nam a2200109Ia 4500
008
230312s9999||||xx |||||||||||||| ||und||
082
_a
759.951
_b
BOY-D
100
_a
Boyce:Charles
245
0
_a
Dictionary of furniture
650
_a
Architecture
942
_c
BK
999
_c
14562
_d
14562